| 000 | 00528nam a22001937a 4500 | ||
|---|---|---|---|
| 999 |
_c2275 _d2275 |
||
| 005 | 20181010201404.0 | ||
| 008 | 181010b ||||| |||| 00| 0 eng d | ||
| 020 | _a0620170026 | ||
| 040 | _cDLC | ||
| 082 |
_a230.044 _bF5331A |
||
| 100 | _aFisher, Robert A | ||
| 245 |
_aAnswers to Christianity's Most Difficult Questions _cRobert A. Fisher |
||
| 260 |
_aEastlake _bRAP _c1992 |
||
| 300 | _a60p,; | ||
| 650 |
_aTheodicy _xChristian life |
||
| 650 |
_aTheology _xChristianity |
||
| 650 | _aGod--Impartiality | ||
| 942 |
_2ddc _cBK |
||